000 00508nam a22002057a 4500
003 LK-CoDNM
005 20250131122803.0
008 250131b |||||||| |||| 00| 0 eng d
040 _aLK-CoDNM
_dLK-CoDNM
_eLK-CoDNM
041 _aeng
080 _a13
_bW4
100 _aJohn R. Gregg
245 _aThe Language Of Taxonomy
260 _aNew York
_bColombia University Press
_g1954
300 _aix,70p. : ; 20 cm
650 _aScience
650 _aTaxonomic System
650 _aSets
942 _cBK
999 _c237728
_d237728